Oracle Enterprise Manager 12c Command-Line Interface /

Oracle Enterprise Manager 12c Command-Line Interface shows how to use Enterprise Manager's powerful scripting language to automate your database administration work and save time by scripting routine tasks, and then executing those scripts across collections of databases and instances in your e...

Full description

Bibliographic Details
Main Authors: Pot'Vin, Kellyn (Author), Miller, Seth (Author), Smith, Ray (Author)
Corporate Author: Safari, an O'Reilly Media Company
Format: eBook
Language:English
Published: Apress, 2014.
Edition:1st edition.
Subjects:
Online Access:Connect to this electronic resource

MARC

Tag First Indicator Second Indicator Subfields
LEADER 00000uam a2200000 a 4500
001 in00004257646
005 20260123213206.4
006 m o d
007 cr cn
008 250716s2014 xx o eng
020 |z 9781484202388 
020 |z 9781484202395 
035 |a (CaSebORM)9781484202388 
040 |d UtOrBLW 
041 0 |a eng 
100 1 |a Pot'Vin, Kellyn,  |e author.  |0 http://id.loc.gov/authorities/names/n2016027289 
245 1 0 |a Oracle Enterprise Manager 12c Command-Line Interface /  |c Pot'Vin, Kellyn. 
250 |a 1st edition. 
264 1 |b Apress,  |c 2014. 
300 |a 1 online resource (188 pages) 
336 |a text  |b txt  |2 rdacontent 
337 |a computer  |b c  |2 rdamedia 
338 |a online resource  |b cr  |2 rdacarrier 
347 |a text file 
520 |a Oracle Enterprise Manager 12c Command-Line Interface shows how to use Enterprise Manager's powerful scripting language to automate your database administration work and save time by scripting routine tasks, and then executing those scripts across collections of databases and instances in your environment. This book is chock full of ready-made scripting examples contributed by the authors and leading members of the community. For example, you'll find scripts and examples of commands to: Remove an Enterprise Manager agent and its related targets Quickly create administrator accounts that are fully-configured with pre-expired passwords and all needed roles Invoke batch files to execute sequences of related commands with consistency against multiple targets Batch create large groups of user logins with a single command and more! The Enterprise Manager Command Line Interface (EM CLI) is the administrator's key to unlocking the power of Enterprise Manager 12c (EM12c) with scalability, repeatability, and confidence. In previous versions, most administrators ventured into the command-line interface only with the assistance of Oracle Support. But now there are many features in EM12c that are accessible only from the command-line. This is far from a disadvantage! Enterprise Manager is now a powerful tool for automation in the hands of a skilled database administrator. Enterprise Manager scripting offers potential for all administrators who manage Oracle's enterprise-level products in their environment. You can automate from the smallest, single-instance configuration all the way up to a broadly distributed enterprise-level rollout having database instances strewn across broad geographical distributions. The power of the EM CLI returns the administrator to the golden age, where the entire environment, from database to application to infrastructure, can often be managed from this powerful command line tool secured by the robust Enterprise Manager framework. Brings a golden-age of automation to Oracle Database administrators Provides ready-made scripts contributed by leading members of the community Covers advanced techniques involving Jython and Python 
533 |a Electronic reproduction.  |b Boston, MA :  |c Safari,  |n Available via World Wide Web.  |d 2014. 
538 |a Mode of access: World Wide Web. 
542 |f Copyright © Apress  |g 2014 
588 |a Online resource; Title from title page (viewed November 5, 2014) 
500 |a Electronic resource. 
655 7 |a Electronic books.  |2 local 
700 1 |a Miller, Seth,  |e author. 
700 1 |a Smith, Ray,  |e author.  |0 http://id.loc.gov/authorities/names/nr92023549 
710 2 |a Safari, an O'Reilly Media Company. 
856 4 0 |u https://proxy.library.tamu.edu/login?url=https://go.oreilly.com/TAMU/library/view/-/9781484202388/?ar  |z Connect to this electronic resource  |t 0 
999 f f |s 32e0793c-bb26-393e-a2c9-4ee8265bece0  |i 6e25e729-4c85-34ed-a187-fd36b78d5694  |t 0 
952 f f |a Texas A&M University  |b College Station  |c Electronic Resources  |s www_evans  |d Available Online  |t 0  |h No information provided 
998 f f |t 0  |l Available Online